000 00729nab a2200217u 4500
001 21516
003 HDC
007 c| |||a|c|aaaa
008 210307b20070721my ||||o |||| 00| 0 eng d
040 _aHDC
245 0 _aDanisco opens Halal-compliant operation in China
336 _atext
_2rdacontent
337 _acomputer
_2rdamedia
338 _aonline resource
_2rdacarrier
650 _aFood Good Manufacturing Practices (GMP)
_919017
650 _aKosher and Halal certified
_919018
856 _zRequest full-text at [email protected]
942 _2lcc
942 _cNEWS
942 _kNWS0 004961
999 _c18832
_d18832